Online Catalogue and eLibrary

Theories of Social Psychology (Record no. 1036)

MARC details
000 -LEADER
fixed length control field 00478nam a2200193Ia 4500
005 - DATE AND TIME OF LATEST TRANSACTION
control field 20250317043125.0
008 - FIXED-LENGTH DATA ELEMENTS--GENERAL INFORMATION
fixed length control field 240331s9999 xx 000 0 und d
082 ## - DDC Classification
Class No. 301
Item Number - Author Mark SHA
DDC Edition Number 4080
100 ## - MAIN ENTRY--PERSONAL NAME
Personal name Shaw, M. E
100 ## - MAIN ENTRY--PERSONAL NAME
Personal name Costanzo, P. R
245 #0 - TITLE STATEMENT
Title Theories of Social Psychology
260 ## - PUBLICATION, DISTRIBUTION, ETC.
Place of publication, distribution, etc. New York,
Name of publisher, distributor, etc. McGraw-Hill Inc.
Date of publication, distribution, etc. 1970
300 ## - PHYSICAL DESCRIPTION
Extent (e.g. Volumes, Pages etc.) xi, 414 p.,
650 ## - SUBJECT ADDED ENTRY--TOPICAL TERM
Topical term or geographic name entry element Reinforcement
650 ## - SUBJECT ADDED ENTRY--TOPICAL TERM
Topical term or geographic name entry element Psychology
650 ## - SUBJECT ADDED ENTRY--TOPICAL TERM
Topical term or geographic name entry element Psychoanalysis
650 ## - SUBJECT ADDED ENTRY--TOPICAL TERM
Topical term or geographic name entry element Society
942 ## - Koha item type (Biblio)
Koha item type Books in Stacks (Lending)
Holdings
Lost status Damaged status Collection code Home library Current library Shelving location Date acquired Full call number Accession Number Item type
    Lending WERC Library WERC Library Social Science Cupboard 03/31/2024 301 SHA 4080 Books in Stacks (Lending)

© WERC Library